[Event "Superliga w Szachach Szybkich"]
[Site "Wroclaw, Katowice, Krakow, Poznan"]
[Date "2023-10-17"]
[Round "4.11"]
[White "Klekowski, Maciej"]
[Black "Kosakowski, Jakub"]
[Result "1/2-1/2"]
[WhiteTitle "GM"]
[BlackTitle "IM"]
[WhiteElo "2405"]
[BlackElo "2466"]

1. c4 Nf6 2. Nc3 d5 3. cxd5 Nxd5 4. g3 g6 5. Bg2 Nb6 6. d3 Bg7 7. h4 h5 8. Bg5
Nc6 9. Rc1 Nd4 10. Nf3 Nxf3+ 11. Bxf3 c6 12. O-O O-O 13. Qb3 Be6 14. Qb4 Re8 15.
Rfd1 Qd7 16. d4 Rad8 17. Ne4 Bg4 18. Nc5 Qc8 19. Bxg4 hxg4 20. e4 Qc7 21. b3 a5
22. Qxa5 Bxd4 23. Rxd4 Rxd4 24. Be3 e5 25. Bxd4 exd4 26. Qb4 Nd7 27. Qxd4 Ne5
28. Kg2 Qe7 29. Rd1 b6 30. Na4 Nf3 31. Qe3 Qxe4 32. Qxe4 Rxe4 33. Nxb6 Re2 34.
a4 Ra2 35. Nc4 Kg7 36. Ne3 f5 37. h5 Kh6 38. hxg6 Kxg6 39. Rc1 c5 40. Rd1 Rb2
41. a5 Ra2 42. Nc4 Kg5 43. Rb1 Nd4 44. Kf1 Nc6 45. Rc1 Nxa5 46. Nxa5 Rxa5 1/2-1/2

[Event "Superliga w Szachach Szybkich"]
[Site "Wroclaw, Katowice, Krakow, Poznan"]
[Date "2023-10-17"]
[Round "4.12"]
[White "Maltsevskaya, Aleksandra"]
[Black "Antolak, Julia"]
[Result "1/2-1/2"]
[WhiteTitle "IM"]
[BlackTitle "WGM"]
[WhiteElo "2348"]
[BlackElo "2192"]

1. c4 Nf6 2. Nf3 e6 3. g3 a6 4. Bg2 b5 5. d3 Bb7 6. e4 d6 7. b3 Be7 8. Bb2 O-O
9. O-O Nbd7 10. Nbd2 c5 11. Qe2 Re8 12. d4 bxc4 13. e5 dxe5 14. dxe5 c3 15. Bxc3
Nd5 16. Bb2 N7b6 17. Rfd1 Qc7 18. h4 a5 19. Rac1 a4 20. Ng5 h6 21. Nge4 axb3 22.
axb3 Ra2 23. Bd4 Nd7 24. Nd6 Bxd6 25. exd6 Qxd6 26. Ne4 Rxe2 27. Nxd6 Rb8 28.
Nxb7 Rxb7 29. Bxc5 Nxc5 30. Rxc5 Rxb3 31. Bf1 Reb2 32. Rc8+ Kh7 33. Bd3+ g6 34.
h5 Kg7 35. hxg6 fxg6 36. Bc4 Rf3 37. Bxd5 exd5 38. Rc7+ Rf7 1/2-1/2

[Event "Superliga w Szachach Szybkich"]
[Site "Wroclaw, Katowice, Krakow, Poznan"]
[Date "2023-10-17"]
[Round "4.13"]
[White "Wojtaszek, Radoslaw"]
[Black "Pechac, Jergus"]
[Result "1-0"]
[WhiteTitle "GM"]
[BlackTitle "GM"]
[WhiteElo "2648"]
[BlackElo "2548"]

1. Nf3 d5 2. g3 c5 3. Bg2 Nc6 4. d4 e6 5. O-O cxd4 6. Nxd4 Bc5 7. Nb3 Bb6 8. c4
Nge7 9. cxd5 exd5 10. Nc3 O-O 11. Na4 d4 12. Nac5 Re8 13. Bd2 h5 14. Rc1 h4 15.
Bg5 f6 16. Bd2 h3 17. Bh1 Ng6 18. Re1 Nge5 19. Bf4 Qe7 20. Bxe5 Qxe5 21. Nd3 Qd6
22. Nbc5 Rb8 23. b4 Ne5 24. Qb3+ Kf8 25. Nxe5 Rxe5 26. Nd3 Be6 27. Qc2 Bf5 28.
Qd2 Re7 29. Nc5 Rbe8 30. e4 Bg6 31. Rc4 d3 32. Re3 Bxc5 33. bxc5 Qc6 34. Qxd3
Rd7 35. Qf1 Re5 36. Bf3 Qe6 37. Qe2 Qa6 38. Bg4 Rde7 39. Bxh3 Bxe4 40. Bf1 Bd5
41. Rc2 Qxe2 42. Rexe2 Bf3 43. Rxe5 Rxe5 44. Rc3 Bd5 45. f4 Re1 46. a3 Ke7 47.
Kf2 Ra1 48. Be2 Kd7 49. h4 Ra2 50. Ke3 Kc6 51. h5 Ra1 52. g4 Rh1 53. Kd4 a6 54.
Rg3 Re1 55. Bd3 Rh1 56. Bg6 Rd1+ 57. Rd3 Rc1 58. Be8+ 1-0

[Event "Superliga w Szachach Szybkich"]
[Site "Wroclaw, Katowice, Krakow, Poznan"]
[Date "2023-10-17"]
[Round "4.14"]
[White "Neugebauer, Martin"]
[Black "Teclaf, Pawel"]
[Result "0-1"]
[WhiteTitle "IM"]
[BlackTitle "GM"]
[WhiteElo "2430"]
[BlackElo "2508"]

1. e4 c5 2. Nf3 e6 3. b3 b6 4. Bb2 Bb7 5. Nc3 Nc6 6. d4 cxd4 7. Nxd4 Nf6 8. Nxc6
Bxc6 9. Bd3 Bb4 10. O-O O-O 11. a3 Bxc3 12. Bxc3 Nxe4 13. Bxe4 Bxe4 14. Qg4 Bg6
15. Bb4 Re8 16. c4 d5 17. cxd5 Qxd5 18. Qg3 Rad8 19. h4 a5 20. Bc3 Qxb3 21. Be5
Qxg3 22. Bxg3 b5 23. Bc7 Ra8 24. Ra2 b4 25. axb4 axb4 26. Rb2 Ra4 27. g3 Rc8 28.
Rd1 b3 29. Be5 Bc2 30. Re1 h5 31. Kg2 f6 32. Bd6 Kf7 33. f3 Rd8 34. Bf4 Ra2 35.
Rxa2 bxa2 0-1

[Event "Superliga w Szachach Szybkich"]
[Site "Wroclaw, Katowice, Krakow, Poznan"]
[Date "2023-10-17"]
[Round "4.15"]
[White "Pakleza, Zbigniew"]
[Black "Mikrut, Dariusz"]
[Result "0-1"]
[WhiteTitle "GM"]
[BlackTitle "IM"]
[WhiteElo "2454"]
[BlackElo "2235"]

1. d4 Nf6 2. Nf3 g6 3. Bf4 d6 4. e3 Bg7 5. h3 b6 6. Be2 Bb7 7. O-O c5 8. c3 O-O
9. a4 a6 10. Nbd2 Nbd7 11. Bh2 Qc7 12. Qb3 Bc6 13. c4 cxd4 14. exd4 e5 15. Rfd1
Nh5 16. Nf1 Rfe8 17. d5 Bb7 18. Ne3 a5 19. Qa3 Qc5 20. Nc2 Qc7 21. Nd2 Nf4 22.
Bf1 Nc5 23. Rab1 Bc8 24. Qa2 Bf5 25. b3 Nfd3 26. Ra1 e4 27. Rab1 h5 28. Ne3 Nb4
29. Qa3 Bd7 30. Rbc1 f5 31. Nc2 Nbd3 32. Bxd3 Nxd3 33. Bxd6 Qd8 34. Rb1 Qg5 35.
b4 axb4 36. Nxb4 Nxf2 37. Nf1 e3 38. Re1 Nxh3+ 39. Kh2 Nf2 40. Nd3 Qh4+ 0-1

[Event "Superliga w Szachach Szybkich"]
[Site "Wroclaw, Katowice, Krakow, Poznan"]
[Date "2023-10-17"]
[Round "4.16"]
[White "Sliwicka, Alicja"]
[Black "Kiolbasa, Oliwia"]
[Result "0-1"]
[WhiteTitle "WIM"]
[BlackTitle "IM"]
[WhiteElo "2131"]
[BlackElo "2321"]

1. e4 e5 2. Nf3 Nc6 3. Bb5 a6 4. Ba4 Nf6 5. Nc3 b5 6. Bb3 Bd6 7. d3 h6 8. a3 Bb7
9. O-O O-O 10. Be3 Rb8 11. Ne2 Re8 12. Ng3 Bf8 13. c3 d5 14. Qe2 Na5 15. Ba2 c5
16. Rad1 Qc7 17. Nh4 dxe4 18. Nxe4 Nxe4 19. dxe4 c4 20. Bb1 Nb3 21. Nf5 Kh7 22.
Kh1 Nc5 23. f3 Rbd8 24. Qf2 Qc6 25. Qh4 Nd3 26. Bxd3 cxd3 27. Rd2 Bc8 28. Rfd1
Bxf5 29. exf5 e4 30. fxe4 Rd7 31. Bd4 Rxe4 32. Qf2 Rd8 33. Rxd3 Rde8 34. Re3 Rxe3
35. Bxe3 Qe4 36. Bd4 Qg4 37. Rd2 Bd6 38. h3 Qg5 39. Be3 Rxe3 40. Rxd6 Re5 41.
f6 Rf5 42. Qc2 g6 43. Kg1 Qe3+ 44. Kh1 Rf1+ 45. Kh2 Qe5+ 0-1

[Event "Superliga w Szachach Szybkich"]
[Site "Wroclaw, Katowice, Krakow, Poznan"]
[Date "2023-10-17"]
[Round "5.1"]
[White "Pechac, Jergus"]
[Black "Brodowski, Piotr"]
[Result "1-0"]
[WhiteTitle "GM"]
[BlackTitle "IM"]
[WhiteElo "2548"]
[BlackElo "2367"]

1. d4 Nf6 2. c4 c5 3. d5 g6 4. Nc3 Bg7 5. e4 d6 6. Be2 O-O 7. Nf3 e6 8. h3 Re8
9. O-O exd5 10. exd5 Ne4 11. Nxe4 Rxe4 12. Bd3 Re8 13. Bg5 Qb6 14. Re1 Bd7 15.
Rxe8+ Bxe8 16. Qe2 Nd7 17. Bf4 Nf6 18. Rb1 Qc7 19. Re1 Rd8 20. g4 b5 21. b3 bxc4
22. bxc4 Ba4 23. Qd2 Re8 24. Kg2 Rxe1 25. Qxe1 Kf8 26. Qd2 h5 27. Ng5 hxg4 28.
hxg4 Bd7 29. f3 Qb6 30. Kg3 Ne8 31. Ne4 f6 32. Kh3 f5 33. Ng5 Qb2 34. Qxb2 Bxb2
35. gxf5 gxf5 36. Kh4 Ke7 37. Kh5 Ng7+ 38. Kh6 Be8 39. Nh7 Nh5 40. Bg5+ Kd7 41.
Bxf5+ Kc7 42. Bg6 Bxg6 43. Kxg6 Ng3 44. f4 Ne4 45. f5 Nf2 46. f6 Nd3 47. Kf5 Ne5
48. Bf4 Nxc4 49. f7 Bg7 50. Ke4 1-0

[Event "Superliga w Szachach Szybkich"]
[Site "Wroclaw, Katowice, Krakow, Poznan"]
[Date "2023-10-17"]
[Round "5.2"]
[White "Licznerski, Lukasz"]
[Black "Neugebauer, Martin"]
[Result "0-1"]
[WhiteTitle "IM"]
[BlackTitle "IM"]
[WhiteElo "2423"]
[BlackElo "2430"]

1. e4 c5 2. Nf3 d6 3. Bb5+ Nd7 4. a4 Ngf6 5. Nc3 g6 6. O-O Bg7 7. Re1 O-O 8. a5
a6 9. Bf1 Qc7 10. d3 Re8 11. h3 Ne5 12. Nxe5 dxe5 13. Na4 Be6 14. Be3 Nd7 15.
b3 Rad8 16. Qd2 Qd6 17. Qc3 Rc8 18. g3 f5 19. Qd2 Rf8 20. exf5 gxf5 21. f4 Bd5
22. Rad1 exf4 23. gxf4 Kh8 24. Kh2 Rg8 25. c4 Bf3 26. Be2 Bc6 27. Rg1 Bd4 28.
Rdf1 e5 29. Bf3 Rxg1 30. Kxg1 Rg8+ 31. Kh2 Qg6 32. Rg1 Qxg1+ 33. Bxg1 Bxg1+ 0-1

[Event "Superliga w Szachach Szybkich"]
[Site "Wroclaw, Katowice, Krakow, Poznan"]
[Date "2023-10-17"]
[Round "5.3"]
[White "Mikrut, Dariusz"]
[Black "Klimkowski, Jan"]
[Result "1-0"]
[WhiteTitle "IM"]
[BlackTitle "IM"]
[WhiteElo "2235"]
[BlackElo "2368"]

1. d4 Nf6 2. c4 g6 3. Nc3 d5 4. cxd5 Nxd5 5. e4 Nxc3 6. bxc3 Bg7 7. Nf3 c5 8. Be2
O-O 9. O-O cxd4 10. cxd4 Nc6 11. Be3 Bg4 12. d5 Na5 13. Rc1 a6 14. Nd4 Bxe2 15.
Qxe2 Rc8 16. Rxc8 Qxc8 17. Rc1 Qd7 18. Qc2 Re8 19. h3 Be5 20. Nf3 Bg7 21. Bb6
Qb5 22. Qc5 Bh6 23. Rc3 Qb1+ 24. Kh2 Bf4+ 25. g3 Bd6 26. Qxa5 Qxe4 27. Re3 Qc4
28. Bd4 Rc8 29. Rc3 1-0

[Event "Superliga w Szachach Szybkich"]
[Site "Wroclaw, Katowice, Krakow, Poznan"]
[Date "2023-10-17"]
[Round "5.4"]
[White "Kulon, Klaudia"]
[Black "Sliwicka, Alicja"]
[Result "0-1"]
[WhiteTitle "IM"]
[BlackTitle "WIM"]
[WhiteElo "2271"]
[BlackElo "2131"]

1. c4 c5 2. Nc3 Nc6 3. g3 g6 4. Bg2 Bg7 5. a3 a5 6. e3 d6 7. Nge2 e5 8. Nb5 Be6
9. d3 Nge7 10. Nec3 O-O 11. Nd5 Bxd5 12. cxd5 Na7 13. Nc3 b5 14. O-O a4 15. e4
Rb8 16. Be3 Nac8 17. f4 exf4 18. gxf4 f5 19. d4 fxe4 20. dxc5 Nf5 21. Qd2 Nxe3
22. Qxe3 dxc5 23. Qxc5 Nd6 24. Bh3 Nf5 25. Rad1 Rc8 26. Qxb5 Ne3 27. Nxe4 Rc4
28. Be6+ Kh8 29. Ng5 Rcxf4 30. Nf3 Rxf3 31. Rxf3 Rxf3 32. Qe2 Nxd1 33. Qxf3 Qg5+
34. Kf1 Ne3+ 35. Ke2 Nc4 36. d6 Qd2+ 37. Kf1 Ne3+ 38. Kg1 Qe1+ 0-1

[Event "Superliga w Szachach Szybkich"]
[Site "Wroclaw, Katowice, Krakow, Poznan"]
[Date "2023-10-17"]
[Round "5.5"]
[White "Volokitin, Andrei"]
[Black "Wojtaszek, Radoslaw"]
[Result "0-1"]
[WhiteTitle "GM"]
[BlackTitle "GM"]
[WhiteElo "2626"]
[BlackElo "2648"]

1. e4 e5 2. Nf3 Nc6 3. Bc4 Nf6 4. d3 Bc5 5. O-O d6 6. c3 a6 7. a4 O-O 8. h3 h6
9. Re1 Ba7 10. Nbd2 Ne7 11. Nf1 Ng6 12. Bb3 Re8 13. Ng3 Be6 14. d4 c6 15. Bc2
a5 16. Be3 Qc7 17. Bd3 Bb6 18. Qc2 Rad8 19. Rad1 Bc8 20. Qc1 Kh7 21. Bc2 Be6 22.
Nf5 Ng8 23. h4 c5 24. h5 N6e7 25. dxe5 dxe5 26. Nxe5 Qxe5 27. Bf4 Qf6 28. e5 Qxf5
29. g4 Qxc2 30. Qxc2+ Kh8 31. f3 Nd5 32. Bg3 c4+ 33. Bf2 Nge7 34. Bxb6 Nxb6 35.
Rd6 Rxd6 36. exd6 Nec8 37. Qf2 Rd8 38. Qc5 Rxd6 39. Qxa5 Bd7 40. Qc5 Bxa4 41.
Qc7 Rd7 42. Re8+ Kh7 43. Rxc8 Rxc7 44. Rxc7 Bc6 45. Rxf7 Na4 46. Kf2 Nxb2 47.
Ke3 Kg8 48. Rf5 Nd3 49. Kd4 b5 50. g5 hxg5 51. Rxg5 Kh7 52. Rg3 Be8 53. Rg5 Kh6
54. Rf5 Bc6 55. f4 Be8 56. Ke4 Nf2+ 57. Kd4 Ng4 58. Rf8 Bxh5 59. Rb8 Nf6 60. Rxb5
Be2 61. Rg5 Bd3 62. Rg2 g6 63. Ke5 Kg7 64. Rg1 Kf7 65. Rg2 Nd7+ 66. Kd6 Nf6 67.
Ke5 Ne4 68. Kd4 Kf6 69. Rg1 Kf5 70. Rg2 Nf6 71. Ke3 Nd5+ 72. Kd4 Nxf4 73. Rb2
Ne2+ 74. Ke3 Nxc3 75. Rf2+ Ke5 76. Rf8 Nd5+ 0-1

[Event "Superliga w Szachach Szybkich"]
[Site "Wroclaw, Katowice, Krakow, Poznan"]
[Date "2023-10-17"]
[Round "5.6"]
[White "Teclaf, Pawel"]
[Black "Moranda, Wojciech"]
[Result "1-0"]
[WhiteTitle "GM"]
[BlackTitle "GM"]
[WhiteElo "2508"]
[BlackElo "2562"]

1. g3 d5 2. Nf3 Nf6 3. Bg2 e6 4. O-O c5 5. c4 d4 6. e3 Nc6 7. exd4 cxd4 8. d3 Be7
9. Re1 Nd7 10. Na3 e5 11. Nc2 a5 12. Bh3 O-O 13. Bxd7 Bxd7 14. Nxe5 Nxe5 15. Rxe5
Bf6 16. Re1 b5 17. b3 bxc4 18. bxc4 Ba4 19. Ba3 Re8 20. Qd2 Qd7 21. Rxe8+ Rxe8
22. Re1 Rxe1+ 23. Nxe1 Qf5 24. Qf4 Qxf4 25. gxf4 Bd1 26. Bd6 h5 27. Kg2 Kh7 28.
Be5 Bxe5 29. fxe5 Kg6 30. Nf3 Bxf3+ 31. Kxf3 Kf5 32. Kg3 g5 33. h4 g4 34. e6 fxe6
35. f3 gxf3 36. Kxf3 Ke5 37. a3 a4 38. Ke2 Kf5 39. Kf3 Ke5 40. Kg3 Kf5 41. c5
Ke5 42. c6 Kd6 43. Kf4 Kxc6 44. Ke5 Kc5 45. Kxe6 1-0

[Event "Superliga w Szachach Szybkich"]
[Site "Wroclaw, Katowice, Krakow, Poznan"]
[Date "2023-10-17"]
[Round "5.7"]
[White "Kosakowski, Jakub"]
[Black "Pakleza, Zbigniew"]
[Result "1/2-1/2"]
[WhiteTitle "IM"]
[BlackTitle "GM"]
[WhiteElo "2466"]
[BlackElo "2454"]

1. e4 d5 2. exd5 Nf6 3. Nf3 Nxd5 4. d4 Bg4 5. Be2 e6 6. h3 Bh5 7. O-O Be7 8. c4
Nb6 9. Be3 Nc6 10. Nbd2 O-O 11. Rc1 h6 12. Re1 Re8 13. Ne4 Bg6 14. Ng3 Bb4 15.
Rf1 Bf8 16. a3 Qf6 17. Bd3 Red8 18. Bxg6 Qxg6 19. Qb3 Rab8 20. Rfd1 Ne7 21. Bf4
Rbc8 22. Ne5 Qh7 23. Qf3 c6 24. Be3 Nf5 25. Nxf5 Qxf5 26. Qg3 f6 27. Ng6 Kh7 28.
Nxf8+ Rxf8 29. Bd2 Rcd8 30. Bb4 Rf7 31. Qb3 Rfd7 32. Bc3 Nc8 33. Re1 Nd6 34. f3
Re8 35. Bb4 Nf7 36. Qe3 b6 37. Bc3 h5 38. Re2 Qg6 39. Rce1 Nh6 40. Qf2 Qf7 41.
Re4 Nf5 42. Kh2 Nd6 43. R4e3 Nxc4 44. Re4 Nd6 45. R4e2 Nf5 46. g4 Nd6 47. Qh4
Nb5 48. gxh5 Rd5 49. Rg2 Rxh5 50. Qe4+ Kh8 51. Reg1 Rg8 52. Qxc6 Qc7+ 53. Qxc7
Nxc7 54. Bd2 Kh7 55. Bf4 Nd5 56. Bd6 Ne3 57. Re2 Nf5 58. Rxe6 Rd8 59. Bb4 Rxd4
60. Rg4 Rd1 61. Bc3 Rf1 62. Kg2 Rc1 63. Re2 Nh6 64. Rg3 Nf5 65. Rg4 Nh6 66. Rd4
Rg5+ 67. Kh2 Rgg1 68. Rd5 Rgf1 69. Kg2 Kg6 70. Re4 Rg1+ 71. Kh2 Rh1+ 72. Kg2 Rcg1+
73. Kf2 Rf1+ 74. Kg2 Rhg1+ 75. Kh2 Rh1+ 76. Kg2 Rhg1+ 77. Kh2 Rh1+ 78. Kg2 1/2-1/2

[Event "Superliga w Szachach Szybkich"]
[Site "Wroclaw, Katowice, Krakow, Poznan"]
[Date "2023-10-17"]
[Round "5.8"]
[White "Kiolbasa, Oliwia"]
[Black "Maltsevskaya, Aleksandra"]
[Result "1/2-1/2"]
[WhiteTitle "IM"]
[BlackTitle "IM"]
[WhiteElo "2321"]
[BlackElo "2348"]

1. e4 c5 2. Nf3 Nc6 3. d4 cxd4 4. Nxd4 g6 5. c4 Nf6 6. Nc3 Nxd4 7. Qxd4 d6 8. Be2
Bg7 9. O-O O-O 10. Qd3 Bd7 11. Be3 Bc6 12. Bd4 Nd7 13. Bxg7 Kxg7 14. b4 Ne5 15.
Qd4 f6 16. f4 Nf7 17. Rad1 a6 18. a4 b6 19. Qe3 a5 20. b5 Bb7 21. Nd5 Bxd5 22.
cxd5 Rc8 23. Rc1 Rc5 24. Rxc5 dxc5 25. Qc3 c4 26. Qxc4 Nd6 27. Qd4 Qc7 28. Bd3
Rc8 29. e5 Nf7 30. d6 exd6 31. exf6+ Kf8 32. Be4 Qc5 33. Rd1 Nh6 34. Qxc5 dxc5
35. Rd7 Ng4 36. Bd5 Ke8 37. Rxh7 Nxf6 38. Rh8+ Kd7 39. Be6+ Kxe6 40. Rxc8 Kd5
41. Kf2 Kd4 42. Rc6 Ne4+ 43. Ke2 Nc3+ 44. Kf3 Nxa4 45. g4 c4 46. f5 gxf5 47. g5
c3 48. g6 Nc5 49. Ke2 f4 50. g7 f3+ 51. Kxf3 c2 52. g8=Q c1=Q 53. Rd6+ Kc3 54.
Qg7+ Kb3 55. Qf7+ Ka3 56. Qd5 Qh1+ 57. Kg3 Qg1+ 58. Kh3 Qe3+ 59. Kg4 Qg1+ 60.
Kh3 Qf1+ 61. Qg2 Qf5+ 62. Qg4 Qf1+ 63. Kh4 a4 64. Rxb6 Ka2 65. Rc6 Qf2+ 66. Qg3
Qd4+ 67. Qg4 Qf2+ 68. Qg3 Qd4+ 69. Qg4 Qf2+ 1/2-1/2

[Event "Superliga w Szachach Szybkich"]
[Site "Wroclaw, Katowice, Krakow, Poznan"]
[Date "2023-10-17"]
[Round "5.9"]
[White "Psyk, Radoslaw"]
[Black "Tomczak, Jacek"]
[Result "0-1"]
[WhiteTitle "k++"]
[BlackTitle "GM"]
[WhiteElo "2327"]
[BlackElo "2549"]

1. e4 e6 2. d4 d5 3. e5 c5 4. c3 Nc6 5. Nf3 Qb6 6. Bd3 Bd7 7. O-O cxd4 8. Re1 a6
9. a3 Nh6 10. b4 Be7 11. Bxh6 gxh6 12. Qd2 Bf8 13. Qf4 dxc3 14. Nxc3 Bg7 15. Rac1
Ne7 16. h4 O-O 17. Ne2 Bb5 18. Bb1 Bxe2 19. Rxe2 Rfc8 20. Rd1 Rc4 21. Qd2 Rac8
22. Re3 Qc7 23. Ree1 Rc3 24. Nd4 Rxa3 25. Rc1 Rc3 26. Ne2 Rxc1 27. Rxc1 Qxe5 28.
Rxc8+ Nxc8 29. Qc2 Nd6 30. Qxh7+ Kf8 31. Bd3 Ne8 0-1

[Event "Superliga w Szachach Szybkich"]
[Site "Wroclaw, Katowice, Krakow, Poznan"]
[Date "2023-10-17"]
[Round "5.10"]
[White "Warakomski, Tomasz"]
[Black "Szpar, Milosz"]
[Result "1-0"]
[WhiteTitle "GM"]
[BlackTitle "IM"]
[WhiteElo "2461"]
[BlackElo "2398"]

1. e4 e6 2. d4 d5 3. Nc3 Nf6 4. Bg5 dxe4 5. Nxe4 Be7 6. Bxf6 gxf6 7. Nc3 a6 8.
g3 b5 9. Bg2 c6 10. Qd2 Bb7 11. Rd1 Nd7 12. Nf3 Qc7 13. O-O f5 14. Rfe1 O-O-O
15. a4 Rhg8 16. d5 Nb6 17. Nd4 cxd5 18. axb5 a5 19. Qe2 Bb4 20. Nc6 Bxc6 21. bxc6
Qxc6 22. Rd3 Nc4 23. Rb1 f4 24. Na2 fxg3 25. hxg3 Bc5 26. b3 Na3 27. Rc1 Qc7 28.
c4 dxc4 29. Rxd8+ Rxd8 30. bxc4 Qxg3 31. Rc3 Qg5 32. Qf3 Rd2 33. Rxa3 Rxf2 34.
Qb7+ Kd8 35. Rd3+ Ke8 36. Qc8+ Ke7 37. Qd8# 1-0

[Event "Superliga w Szachach Szybkich"]
[Site "Wroclaw, Katowice, Krakow, Poznan"]
[Date "2023-10-17"]
[Round "5.11"]
[White "Pacan-milej, Kosma"]
[Black "Klekowski, Maciej"]
[Result "0-1"]
[WhiteTitle "FM"]
[BlackTitle "GM"]
[WhiteElo "2232"]
[BlackElo "2405"]

1. d4 Nf6 2. c4 e6 3. Nc3 Bb4 4. e3 O-O 5. Bd3 d5 6. a3 Bxc3+ 7. bxc3 dxc4 8. Bxc4
c5 9. Ne2 Qc7 10. Bd3 Nc6 11. O-O e5 12. f4 exd4 13. cxd4 Bg4 14. h3 Bxe2 15.
Qxe2 Rfe8 16. dxc5 Nd4 17. Qb2 Ne6 18. Bb5 Red8 19. Qc2 Rd5 20. Bb2 Rxc5 21. Qb3
Ne4 22. Bd3 Nd2 23. Bxh7+ Kh8 24. Qd3 Rd8 25. Bd4 Nxf1 26. Rxf1 Nxd4 27. exd4
g6 28. Qg3 Rf5 29. Re1 Kxh7 30. Qh4+ Kg7 31. Re7 Qc1+ 0-1

[Event "Superliga w Szachach Szybkich"]
[Site "Wroclaw, Katowice, Krakow, Poznan"]
[Date "2023-10-17"]
[Round "5.12"]
[White "Antolak, Julia"]
[Black "Zawadzka, Beata"]
[Result "1-0"]
[WhiteTitle "WGM"]
[BlackTitle "WGM"]
[WhiteElo "2192"]
[BlackElo "2211"]

1. e4 c5 2. Nf3 Nc6 3. d4 cxd4 4. Nxd4 g6 5. c4 Bg7 6. Be3 Nf6 7. Nc3 O-O 8. Be2
d6 9. O-O Nxd4 10. Bxd4 Be6 11. b3 Nd7 12. f4 Bxd4+ 13. Qxd4 Qb6 14. Qxb6 Nxb6
15. Rad1 Rfc8 16. Bf3 Rab8 17. g4 f6 18. Rfe1 Kf7 19. Kf2 g5 20. fxg5 fxg5 21.
e5 Rd8 22. exd6 exd6 23. Ne4 h6 24. Nxd6+ Ke7 25. c5 Nd7 26. Nxb7 Rf8 27. c6 Nf6
28. Nc5 Nxg4+ 29. Kg3 1-0

[Event "Superliga w Szachach Szybkich"]
[Site "Wroclaw, Katowice, Krakow, Poznan"]
[Date "2023-10-17"]
[Round "5.13"]
[White "Harikrishna, Pentala"]
[Black "Piorun, Kacper"]
[Result "0-1"]
[WhiteTitle "GM"]
[BlackTitle "GM"]
[WhiteElo "2630"]
[BlackElo "2472"]

1. d4 Nf6 2. Nf3 d5 3. c4 c6 4. Qc2 g6 5. Bf4 Bg7 6. e3 O-O 7. Nc3 Na6 8. Be2 Be6
9. cxd5 Nb4 10. Qd2 Nbxd5 11. Be5 Rc8 12. O-O Bh6 13. Nxd5 Bxd5 14. b4 Ne4 15.
Qc2 f6 16. Bg3 a5 17. a3 axb4 18. axb4 Qb6 19. Bd3 Nxg3 20. hxg3 Ra8 21. Qc3 Rfd8
22. Nd2 Qc7 23. Bc4 Qd7 24. Rxa8 Rxa8 25. Ra1 Rxa1+ 26. Qxa1 Bf8 27. Bxd5+ Qxd5
28. Qc3 e6 29. Nb3 Kf7 30. Nc5 b6 31. Nd3 Qb5 32. g4 Bd6 33. e4 Qa4 34. g3 Be7
35. Kg2 Qd1 36. Nf4 g5 37. Nxe6 Qxg4 38. Nc7 Qxe4+ 39. Kg1 Bd6 40. Qc4+ Ke7 41.
Na8 b5 42. Qg8 Qe1+ 43. Kg2 Qe4+ 44. Kg1 Qxd4 45. Qxh7+ Ke6 46. Qg8+ Ke5 47. Qe8+
Kd5 48. Qf7+ Ke4 49. Qe8+ Kd5 50. Qf7+ Ke4 51. Qe8+ Kd3 52. Qxc6 Qxb4 53. Qf3+
Kd2 54. Nb6 Be5 55. Qe3+ Kc2 56. Nd5 Qc4 57. Qf3 Kb2 58. Ne3 Qd3 59. Nd1+ Kc2
60. Ne3+ Kb3 61. Qc6 b4 62. Kg2 Ka2 63. Qa4+ Qa3 64. Qc2+ Qb2 65. Qa4+ Qa3 66.
Qc2+ Bb2 67. Nc4 Qb3 68. Qe2 Qc3 69. Kh3 Ka1 70. Qd1+ Bc1 71. Na5 Kb2 72. Qe2+
Qc2 73. Qf3 Qc3 74. Qe2+ Bd2 75. Nc4+ Kc1 76. Na5 b3 77. Qf1+ Kc2 78. Nc4 b2 79.
Na3+ Qxa3 0-1

[Event "Superliga w Szachach Szybkich"]
[Site "Wroclaw, Katowice, Krakow, Poznan"]
[Date "2023-10-17"]
[Round "5.14"]
[White "Socko, Bartosz"]
[Black "Bartel, Mateusz"]
[Result "0-1"]
[WhiteTitle "GM"]
[BlackTitle "GM"]
[WhiteElo "2522"]
[BlackElo "2520"]

1. d4 Nf6 2. c4 e6 3. g3 d5 4. Bg2 dxc4 5. Nf3 Nbd7 6. O-O c6 7. Qc2 b5 8. b3 cxb3
9. Qxc6 Rb8 10. axb3 Bb7 11. Qc2 a6 12. Nbd2 Rc8 13. Qd3 Be7 14. Ba3 Bxa3 15.
Rxa3 O-O 16. Ng5 Bxg2 17. Kxg2 Nb8 18. Rd1 Nc6 19. Ndf3 Nb4 20. Qd2 Qd6 21. Ne5
Rc2 22. Qe3 Nbd5 23. Qd3 Rc3 24. Qd2 Qxa3 25. e4 Qxb3 26. exd5 Qxd5+ 27. Kg1 Rc7
28. Qf4 h6 29. Ngf3 Qe4 30. Qd2 Rc2 31. Qa5 Ng4 32. Re1 Re2 33. Rf1 Nxe5 34. Nxe5
Qxd4 35. Nc6 Qd6 36. Rc1 Qd2 37. Ne7+ Kh7 38. Qxd2 Rxd2 39. Rc7 b4 40. Rb7 a5
41. Nc6 Rd5 42. Kg2 Rc5 43. Nd4 a4 44. Rxb4 Ra8 45. Rb2 a3 46. Ra2 e5 47. Ne2
Rb5 48. Nc3 Rb2 49. Ra1 a2 0-1

[Event "Superliga w Szachach Szybkich"]
[Site "Wroclaw, Katowice, Krakow, Poznan"]
[Date "2023-10-17"]
[Round "5.15"]
[White "Gumularz, Szymon"]
[Black "Janik, Igor"]
[Result "1-0"]
[WhiteTitle "GM"]
[BlackTitle "GM"]
[WhiteElo "2553"]
[BlackElo "2473"]

1. d4 Nf6 2. c4 e6 3. Nf3 Bb4+ 4. Nc3 b6 5. e3 Bb7 6. Bd3 O-O 7. O-O c5 8. Na4
cxd4 9. a3 Be7 10. exd4 Bxf3 11. Qxf3 Nc6 12. Be3 e5 13. dxe5 Nxe5 14. Qf5 Nxd3
15. Qxd3 d5 16. c5 Qd7 17. b3 bxc5 18. Nxc5 Qg4 19. h3 Qh5 20. b4 Rfe8 21. Rfe1
a5 22. Bd4 axb4 23. axb4 Rab8 24. b5 Bxc5 25. Rxe8+ Rxe8 26. Bxc5 Ne4 27. Bd4
Qf5 28. b6 Qc8 29. Qb5 Nd6 30. Qxd5 Rd8 31. Qg5 f6 32. Bxf6 Rd7 33. Qd5+ Nf7 34.
Ra8 1-0

[Event "Superliga w Szachach Szybkich"]
[Site "Wroclaw, Katowice, Krakow, Poznan"]
[Date "2023-10-17"]
[Round "5.16"]
[White "Socko, Monika"]
[Black "Zawadzka, Jolanta"]
[Result "1/2-1/2"]
[WhiteTitle "GM"]
[BlackTitle "WGM"]
[WhiteElo "2303"]
[BlackElo "2258"]

1. d4 d5 2. Nf3 Nf6 3. e3 e6 4. Bd3 c5 5. b3 Nc6 6. O-O Be7 7. Bb2 cxd4 8. exd4
O-O 9. Nbd2 Nb4 10. Be2 Ne4 11. a3 Nc6 12. Bd3 f5 13. Ne5 Nxe5 14. dxe5 Bc5 15.
Qe2 Bd7 16. Nf3 Qe7 17. c4 dxc4 18. Bxc4 Rad8 19. Nd4 Bxd4 20. Bxd4 b5 21. Bd3
Bc6 22. Bxe4 Bxe4 23. Rfd1 Qb7 24. f3 Bd5 25. Qe3 a6 26. Rac1 Rc8 27. Bc5 Rfd8
28. Rd3 h6 29. Rdc3 Re8 30. Qf4 Qd7 31. Qb4 Rc6 32. Qd4 Rec8 33. b4 Qe8 34. Rd3
Kh7 35. Qf4 Qf7 36. Rcd1 Rd8 37. Qe3 Rdc8 38. Rd4 R6c7 39. Qd3 Rd7 40. Qb1 Rcd8
41. Re1 Qg6 42. Rf4 Bc4 43. Bd6 Qg5 44. Rd4 Rc8 45. Qc2 Qd8 46. Qd2 Bd5 47. Bc5
Qg5 48. Qd1 Rcd8 49. Kh1 Bc6 50. Bd6 Bd5 51. Qc2 Bc4 52. Qc3 Rc8 53. Red1 Qd8
54. Qe3 Qg5 55. f4 Qg6 56. Qf2 Bd5 57. Bc5 Rcd8 58. Kg1 Qh5 59. R1d3 Qf7 60. Rg3
Be4 61. Rd6 Bd5 62. Rxa6 Qh5 63. h3 Qd1+ 64. Kh2 Bc4 65. Rd6 Rxd6 66. exd6 Rd7
67. Qb2 Qd5 68. Re3 Qc6 69. Qe5 Bd5 70. Rg3 Qb7 71. Qc3 Qc6 72. Qb2 Qc8 73. Bd4
Qb7 74. Be5 Qc6 75. Rc3 Bc4 76. Qc2 Rxd6 77. Bxd6 Qxd6 78. Qf2 Qd1 79. a4 Qxa4
80. Qc5 Qd1 81. Rg3 Qd7 82. Qe5 Bd5 83. Rd3 Qb7 84. Rd2 Qd7 85. Qd4 Qc7 86. Qe5
Qc4 87. Qd6 Qc3 88. Re2 Qd3 89. Qe5 Qc4 90. Rb2 Qc1 91. Rf2 Qc4 92. Qe1 Qd4 93.
Qd2 Qe4 94. Rf3 Qc4 95. Rg3 Qc7 96. Qc3 Qd7 97. Qd4 Qc7 98. Ra3 Qf7 99. Ra7 Qg6
100. Qf2 Qf6 101. Rd7 Qc3 102. Qg3 Qf6 103. Rc7 Qd4 104. Rd7 Qb2 105. Ra7 Qd4
106. Rd7 Qb2 107. Rf7 Qd4 108. h4 Kg8 109. Rd7 Qf6 110. h5 Bc4 111. Qf2 Kh7 112.
Kh3 Bd5 113. Qe3 Qa1 114. Kh2 Qf6 115. Kg3 Qf8 116. Qe5 Bc4 117. Kh2 Bd5 118.
Rc7 Qg8 119. Re7 Qf8 120. Ra7 Qg8 121. Rd7 Qf8 122. Kg3 Bc4 123. Rb7 Qg8 124.
Kf2 Qf8 125. Qc7 Qf6 126. Kg1 Qd4+ 127. Kh2 Qf6 128. Qe5 Qh4+ 129. Kg1 Qg4 130.
Kf2 Bd5 131. Re7 Qxg2+ 132. Ke3 Qg1+ 133. Kd2 Qf2+ 134. Kc3 Qg3+ 135. Kd2 Qf2+
136. Kc3 Qg3+ 1/2-1/2